MARC

LEADER 00000nam0a2200000 4500
001 336405
005 20231102004842.0
035 |a (RuTPU)RU\TPU\book\362821 
090 |a 336405 
100 |a 20171013d1949 k y0rusy50 ca 
101 0 |a rus 
102 |a RU 
105 |a y dm 001zy 
200 1 |a Исследование высокотемпературных процессов восстановления  |e автореферат диссертации на соискание ученой степени доктора технических наук  |f П. В. Гельд  |g Уральский политехнический институт им. С. М. Кирова 
210 |a Свердловск  |c [Б. и.]  |d 1949 
215 |a 18 с. 
320 |a Библиогр.: с. 16-18 (31 назв.) 
606 1 |a Химические реакции, окислительно-восстановительные  |2 stltpush  |3 (RuTPU)RU\TPU\subj\72720  |9 86124 
610 1 |a физическая химия 
610 1 |a высокотемпературные процессы 
610 1 |a исследования 
610 1 |a взаимодействия 
610 1 |a двуокись кремния 
610 1 |a карбид кальция 
610 1 |a окись кальция 
610 1 |a авторефераты диссертаций 
610 1 |a библиотека А. Г. Стромберга 
675 |a 544.41(04)  |v 4 
700 1 |a Гельд  |b П. В. 
712 0 2 |a Уральский политехнический институт им. С. М. Кирова  |c (Свердловск)  |c (1948-1992)  |2 stltpush  |3 (RuTPU)RU\TPU\col\1982  |9 23638 
801 1 |a RU  |b 63413507  |c 20171013 
801 2 |a RU  |b 63413507  |c 20180202  |g RCR 
942 |c BK